000 00437 a2200157 4500
003 Nust
005 20170207154214.0
040 _cNust
082 _a378.4
245 _aCheltenham & Gloucester
_bCollege of higher education
260 _aGloucester
_bCollege of higher education
_c2001
300 _a148 p.
505 _aDegree Programmes (page-24) HND Programmes (Page-70)
538 _aAlmirah No. 117 Shelf No. 2
650 _aUG Prospectus
942 _2ddc
_cBK
999 _c195028
_d195028